009560000a22002050004500505053000000650001400530650001400544650001700558650001500575650001000590650001000600082001300610518001300623530000600636245004300642260002900685260000900714041000800723300001900731 av.1. Selected essays, ed. by David Knight - v.2. Elements of Chemistry, by A. L. Lavoisier - v.3. Researches into the laws of chemical affinity, by C. L. Bertholbet - v.4. The use of the blawpipe in chemistry and mineralogy, by J.J. Berzelius - v.5. Chemical manipulation, by M. Faraday - v.6. Familiar letters on chemistry by J. Liebig - v.7. Chemical method, by A Laurent - v.8. the atomic theory, by A. Wurtz - v.9. Studies in spectrum analysis, J. N. Lockyer - v.10. The arrangement of atoms in space, by J. H. Vanit Hoff aChemistry aChemicals aManipulation aMineralogy aAtoms aSpace a540bD49 a20020315 aM aThe development of chemistry 1789-1914 aNew YorkbRoutledge, USA c1998 aEng a10volsbillus.